| 000 | 03411cas a2200853 a 4500 | ||
|---|---|---|---|
| 001 | 11370344 | ||
| 003 | OSt | ||
| 005 | 20230703161213.0 | ||
| 008 | 900312c19899999enkqr p 0 a0eng c | ||
| 010 | _a 90641613 | ||
| 015 |
_a016118901 _2dnb |
||
| 016 | 7 |
_a016118901 _2DE-101 |
|
| 016 | 7 |
_a1081010-9 _2DE-600 |
|
| 016 | 7 |
_a101085138 _2DNLM |
|
| 016 | 7 |
_a012431940 _2Uk |
|
| 020 | _a10176772 | ||
| 022 |
_a1017-6772 _l1017-6772 _20 |
||
| 035 | _a(OCoLC)ocm21202052 | ||
| 040 |
_aUIU _beng _cUIU _dDLC _dMYG _dCOO _dNST _dWAU _dIUL _dGUA _dOCL _dSYS _dCUS _dNLM _dMYG _dGUA _dIUL _dNLGGC _dNYDWH _dWAU _dCLU _dOCLCQ _dGBVCP _dDLC _dUKMGB _dCLU _dOCLCQ _dOCLCA _dOCLCF _dBEDGE _dOCLCO _dHLS _dL2U _dOCLCQ _dPAU _dCEF _dPUL |
||
| 041 | 0 |
_aeng _afre |
|
| 042 | _apcc | ||
| 043 | _af------ | ||
| 082 | 0 | 0 |
_a338.96005 _bADR |
| 210 | 0 |
_aAfr. dev. rev. _b(Print) |
|
| 222 | 0 |
_aAfrican development review _b(Print) |
|
| 245 | 0 | 0 |
_aAfrican development review = _bRevue africaine de développement. |
| 246 | 3 | 1 | _aRevue africaine de développement |
| 260 |
_a[Abidjan, Ivory Coast] : _bAfrican Development Bank, _c1989- |
||
| 300 |
_avolumes ; _c26 cm |
||
| 310 |
_aFour issues a year, _b2010- |
||
| 321 |
_aSemiannual, _b1989-2003 |
||
| 321 |
_aThree issues a year, _b2004-2009 |
||
| 336 |
_atext _btxt _2rdacontent |
||
| 337 |
_aunmediated _bn _2rdamedia |
||
| 338 |
_avolume _bnc _2rdacarrier |
||
| 362 | 0 | _aVol. 1, no. 1 (June 1989)- | |
| 500 | _aTitle from cover. | ||
| 500 | _aPublished: Oxford : Wiley-Blackwell, <2008-> | ||
| 500 | _aIncludes tables. | ||
| 520 | _a"A journal of the African Development Bank for the study and analysis of development issues in Africa." | ||
| 546 | _aIn English and French, with summaries in English and French. | ||
| 588 | _aLatest issue consulted: Vol. 22, no. 4 (Dec. 2010). | ||
| 648 | 7 |
_aSince 1960 _2fast |
|
| 650 | 7 |
_aConditions économiques. _2eclas |
|
| 650 | 7 |
_aPolitique économique. _2eclas |
|
| 650 | 7 |
_aPublications périodiques. _2eclas |
|
| 650 | 7 |
_aEconomic history. _2fast _0(OCoLC)fst00901974 |
|
| 650 | 7 |
_aEconomic policy. _2fast _0(OCoLC)fst00902025 |
|
| 650 | 1 | 7 |
_aEconomische ontwikkeling. _2gtt |
| 650 | 7 |
_aVolkswirtschaft. _2stw |
|
| 650 | 7 |
_aWirtschaftslage. _2stw |
|
| 650 | 7 |
_aEntwicklung. _2stw |
|
| 650 | 7 |
_aAfrika. _2stw |
|
| 650 | 1 | 7 |
_aECONOMIC CONDITIONS. _2unbist |
| 650 | 1 | 7 |
_aECONOMIC DEVELOPMENT. _2unbist |
| 650 | 1 | 7 |
_aAFRICA. _2unbist |
| 651 | 0 |
_aAfrica _xEconomic policy _vPeriodicals. |
|
| 651 | 0 |
_aAfrica _xEconomic conditions _y1960- _vPeriodicals. |
|
| 651 | 7 |
_aAfrique. _2eclas |
|
| 651 | 7 |
_aAfrica. _2fast _0(OCoLC)fst01239509 |
|
| 653 |
_aDevelopment policy -- _aAfrica -- _aPeriodicals |
||
| 653 |
_aSocial policy -- _aAfrica -- _aPeriodicals |
||
| 653 |
_aEconomic development -- _aAfrica -- _aPeriodicals |
||
| 655 | 7 |
_aPeriodicals. _2fast _0(OCoLC)fst01411641 |
|
| 655 | 7 |
_aPeriodicals. _2lcgft _0http://id.loc.gov/authorities/genreForms/gf2014026139 _0(uri) http://id.loc.gov/authorities/genreForms/gf2014026139 |
|
| 710 | 2 | _aAfrican Development Bank. | |
| 776 | 0 | 8 |
_iOnline version: _tAfrican development review (Online) _x1467-8268 _w(DLC) 2005233990 _w(OCoLC)42209070 |
| 906 |
_a7 _bcbc _cserials _d3 _encip _f19 _gn-oclcserc |
||
| 942 |
_2ddc _cBK |
||
| 999 |
_c3494 _d3494 |
||